| 000 | 00430nam a2200133Ia 4500 | ||
|---|---|---|---|
| 008 | 170221s9999 xx 000 0 und d | ||
| 100 | _aAnna Thorsell | ||
| 245 | _aDirector Experience and the Performance of IPOs: Evidence from Sweden | ||
| 245 | _cAnna Thorsell and Anders Isaksson | ||
| 260 | _c2012 | ||
| 300 | _a32 : 15 | ||
| 650 | _xBusiness | ||
| 856 | _uhttp://ro.uow.edu.au/cgi/viewcontent.cgi?article=1464&context=aabfj | ||
| 999 |
_c311350 _d311350 |
||